000 01445cam a2200349 a 4500
001 3016474
003 ARRUPE
005 20150106120611.0
008 941011s1995 nju b 001 0 eng
010 _a 94040607
020 _a0691034257 (cloth)
040 _aDLC
_cDLC
_dDLC
041 1 _aeng
_hfre
050 0 0 _aBF175.4.P45
_bB6813
082 0 0 _a150.19/52
_220
100 1 _aBouveresse, Jacques.
_913317
240 1 0 _aPhilosophie, mythologie et pseudo-science.
_lEnglish
245 1 0 _aWittgenstein reads Freud :
_bthe myth of the unconscious /
_cJacques Bouveresse ; translated by Carol Cosman ; with a foreword by Vincent Descombes.
260 _aPrinceton, N.J. :
_bPrinceton University Press,
_c1995.
300 _axx, 143 p. ;
_c24 cm.
440 0 _aNew French thought
_94583
504 _aIncludes bibliographical references (p. [133]-137) and index.
600 1 0 _aWittgenstein, Ludwig,
_d1889-1951.
_913318
600 1 0 _aFreud, Sigmund,
_d1856-1939
_xInfluence.
_913319
600 1 0 _aFreud, Sigmund,
_d1856-1939.
_913320
650 0 _aPsychoanalysis and philosophy.
_913321
856 4 2 _3Publisher description
_uhttp://www.loc.gov/catdir/description/prin031/94040607.html
856 4 1 _3Table of contents
_uhttp://www.loc.gov/catdir/toc/prin031/94040607.html
906 _a7
_bcbc
_corignew
_d1
_eocip
_f19
_gy-gencatlg
942 _2lcc
_cMONOGRAPH
999 _c121471
_d121471